000 00574nam a2200193 u 4500
005 20240924071531.0
008 081119s2006 r 000 0 eng d
020 _a8487682871
035 _aUPN01000168007
049 _aCG
050 4 _aLB1707
_bD8.3
100 1 _aDurán Pizaña, Eustolia
245 1 3 _aLa formación de profesores en el posgrado de educación /
_cEustolia Durán Pizaña.
260 _aBarcelona, Esp. :
_bPomares,
_c2006.
300 _a158 p.
440 0 _aPedagógica mexicana
650 4 _aMaestros
_xFormación profesional
_9804
905 _aLibro
999 _c140116
_d140116